00552nam a2200157 i 450000100060000000300090000600500170001500700030003200800410003524500820007626000640015830000210022250000730024371000540031685200240037063589ES-MaACL20230906164923.0t|031212s1932 sp ||||1| spa d04aLos ferrocarriles en construcción b: el ferrocarril directo Madrid-Burgos. aBurgos : b[s.n.], c1932 (fHijos de Santiago Rodríguez) a76 p. ; c23 cm. aPrecede al tít.: Comisión burgalesa de iniciativas ferroviarias.2 aComisión Burgalesa de Iniciativas Ferroviarias. aES-MaACLj1782-F-21